| 000 | 00513nam a22001457a 4500 | ||
|---|---|---|---|
| 008 | 230602b |||||||| |||| 00| 0 eng d | ||
| 040 |
_aNational Science Library _cNational Science Library |
||
| 080 |
_aR 661:63(058.7)(4) _bK6 |
||
| 245 |
_aEntoma Europe: _bManufacturers and formulators ... and horticultural sector _c/ Economic Documentation Office |
||
| 260 |
_aHolland: _bEconomic Documentation Office, _c1966 |
||
| 300 | _a424p. | ||
| 650 | _aChemicals | ||
| 653 | _aGeneric names | ||
| 942 |
_2udc _cREF |
||
| 999 |
_c38696 _d38696 |
||